Catálogo - Centro de Recursos para el Aprendizaje y la Investigación

Volver al Sitio - CRAI Biblioteca

El abogado penalista en materia criminal / (Registro nro. 113650)

Detalles MARC
000 -CABECERA
campo de control de longitud fija 01623nam a2200277 4500
001 - NÚMERO DE CONTROL
campo de control 113650
003 - IDENTIFICADOR DEL NÚMERO DE CONTROL
campo de control DR-UNIBE
005 - FECHA Y HORA DE LA ÚLTIMA TRANSACCIÓN
campo de control 20250904141726.0
008 - DATOS DE LONGITUD FIJA--INFORMACIÓN GENERAL
campo de control de longitud fija 250519b2004 dr ||||| |||| 00| 0 spa d
040 ## - FUENTE DE LA CATALOGACIÓN
Centro catalogador/agencia de origen BIBLIOTECA UNIBE
Lengua de catalogación spa
Centro/agencia transcriptor BIBLIOTECA UNIBE
041 ## - CÓDIGO DE LENGUA
Código de lengua del texto/banda sonora o título independiente spa
082 ## - NÚMERO DE LA CLASIFICACIÓN DECIMAL DEWEY
Número de edición 22
Número de clasificación RD 345 M386a
100 1# - ENTRADA PRINCIPAL--NOMBRE DE PERSONA
Nombre de persona Martínez, Modesto
Forma completa/desarrollada del nombre (Martínez Mejía, Modesto Antonio),
Fechas asociadas al nombre 1961-
Término indicativo de función/relación autor
9 (RLIN) 195657
245 13 - MENCIÓN DE TÍTULO
Título El abogado penalista en materia criminal /
Mención de responsabilidad, etc. Modesto Martínez
260 ## - PUBLICACIÓN, DISTRIBUCIÓN, ETC.
Lugar de publicación, distribución, etc. Santo Domingo :
Nombre del editor, distribuidor, etc. [Editor no identificado],
Fecha de publicación, distribución, etc. 2004
300 ## - DESCRIPCIÓN FÍSICA
Extensión lxxiii, 809 páginas ;
Dimensiones 23 cm
504 ## - NOTA DE BIBLIOGRAFÍA, ETC.
Nota de bibliografía, etc. Incluye referencias bibliográficas (páginas: 805-809) e índice
505 0# - NOTA DE CONTENIDO CON FORMATO
Nota de contenido con formato Dedicatoria |<br/>Presentación |<br/>Prólogo |<br/>Agradecimientos |<br/>Introducción |<br/>Capítulo I. Generalidades |<br/>Capítulo II. La policía judicial y el inicio del proceso |<br/>Capítulo III. La jurisdicción de instrucción |<br/>Capítulo IV. La cámara de calificación |<br/>Capítulo V. Juicio en primer grado |<br/>Capítulo VI. Recurso de apelación o juicio en segundo grado |<br/>Capítulo VII. El recurso de casación |<br/>Capítulo VIII. La ejecución de la sentencia |<br/>Capítulo IX. Frases, máximas y principios que debe saber todo abogado penalista |<br/>Bibliografía<br/>
650 #7 - PUNTO DE ACCESO ADICIONAL DE MATERIA--TÉRMINO DE MATERIA
Fuente del encabezamiento o término lemb
Término de materia o nombre geográfico como elemento de entrada Derecho penal
Subdivisión geográfica República Dominicana
9 (RLIN) 15664
650 #7 - PUNTO DE ACCESO ADICIONAL DE MATERIA--TÉRMINO DE MATERIA
Fuente del encabezamiento o término lemb
Término de materia o nombre geográfico como elemento de entrada Procedimiento penal
Subdivisión geográfica República Dominicana
9 (RLIN) 15663
650 #7 - PUNTO DE ACCESO ADICIONAL DE MATERIA--TÉRMINO DE MATERIA
Fuente del encabezamiento o término lemb
Término de materia o nombre geográfico como elemento de entrada Abogados
700 1# - PUNTO DE ACCESO ADICIONAL--NOMBRE DE PERSONA
Nombre de persona Moreno, Guillermo
Término indicativo de función/relación presentación
9 (RLIN) 17588
700 ## - PUNTO DE ACCESO ADICIONAL--NOMBRE DE PERSONA
Nombre de persona Pina Acevedo Martínez, Ramón,
Fechas asociadas al nombre 1922-2018
Término indicativo de función/relación prologuista
9 (RLIN) 154667
700 1# - PUNTO DE ACCESO ADICIONAL--NOMBRE DE PERSONA
Nombre de persona Jiménez Díaz, Carlos
Término indicativo de función/relación corrector
9 (RLIN) 195656
942 ## - ELEMENTOS DE PUNTO DE ACCESO ADICIONAL (KOHA)
Fuente del sistema de clasificación o colocación Sistema de Clasificación Decimal Dewey
Tipo de ítem Koha Libro (general)
Existencias
Estado de retiro Estado de pérdida Fuente del sistema de clasificación o colocación No para préstamo Código de colección Localización permanente Fecha de adquisición Total de préstamos Signatura topográfica completa Código de barras Fecha visto por última vez Número de copia Precio válido a partir de Tipo de ítem Koha
  Disponible Sistema de Clasificación Decimal Dewey   General - Libros dominicanos Biblioteca Central UNIBE 19/03/2025   RD 345 M386a 250539 19/05/2025 Ej. 1 19/05/2025 Libro (general)